000 00295nam a22001457a 4500
008 170203b xxu||||| |||| 00| 0 eng d
020 _a9780683306156
041 _aeng
080 _a61
082 _24ED
100 _a3
101 _aSHM
245 _aSURGERY
_cBRUCE JARELL
942 _2udc
_cBK
999 _c4414
_d4414